| 000 | 00586nam a22002177a 4500 | ||
|---|---|---|---|
| 001 | 1469 | ||
| 005 | 20230825144615.0 | ||
| 008 | 230825b cb ||||| |||| 00| 0 eng d | ||
| 020 | _a9781471144585 | ||
| 040 |
_aFISKH _beng |
||
| 050 | _aPZ7.R915935 | ||
| 082 | _a813.6 | ||
| 100 | _aRussell, Rachel Renee | ||
| 245 |
_aDork diaries / _bPuppy love _cRachel Renee Russell |
||
| 505 | _aM | ||
| 520 | _aNikki tries to be a pet sitter, but realizes it's harder work than she thought. | ||
| 521 |
_a670
_bLexile |
||
| 521 |
_aM
_bRaz-Plus |
||
| 650 | _apets | ||
| 942 |
_2ddc _cBK _n0 |
||
| 999 |
_c1469 _d1469 |
||